000 00539nam a22001817a 4500
005 20251108170847.0
008 250721s1995 xx 000 0 ara d
082 1 4 _a657/نعي
100 1 _aدهمش، نعيم
245 1 0 _aمبادئ المحاسبة :
_bالأصول العلمية و العملية /
264 1 _aعمان :
_bالمؤلفون،
_c1995.
300 _aج
650 1 7 _aالمحاسبة
700 1 _aأبو نصار، محمد
700 1 _aالخلايلة، محمود
942 _2ddc
_cBK
999 _c50732
_d50732